• 首页
  • 本馆介绍
  • 公告通知
  • 最新文献
  • 馆藏检索
  • 电子资源
  • 读者导购
  • 参考咨询
  • 我的图书馆
  • 登录
  • 详细信息显示
  • 放入我的书架
  • 预约/预借图书
  • 作者相关作品
  • 分类相关作品
  • 丛书相关作品
  • 出版社相关作品

书目信息

  • 表格格式
  • 工作单格式
  • 卡片格式
题名:
低碳经济与金融创新研究
    
 
作者: 杨红梅 著
分册:  
出版信息: 北京   现代出版社  2018.12
页数: 107页
开本: 21cm
丛书名:
单 册:
中图分类: F206 , F832.1
科图分类:
主题词: 低碳经济--di tan jing ji--关系--金融改革--研究--中国
电子资源:
ISBN: 978-7-5143-7571-8
000 01051nam0 2200241 450
001 2159504588
005 20211011172912.0
010    @a978-7-5143-7571-8@dCNY29.80
100    @a20190109d2018 em y0chiy0110 ea
101 0  @achi
102    @aCN@b110000
105    @aa z 000yy
106    @ar
200 1  @a低碳经济与金融创新研究@Adi tan jing ji yu jin rong chuang xin yan jiu@f杨红梅著
210    @a北京@c现代出版社@d2018.12
215    @a107页@c图@d21cm
330    @a本书将低碳经济与碳金融有机地结合起来,探讨了中国低碳经济发展的可行路径,并就中国在全球低碳经济发展的大背景下,如何科学地构建符合中国低碳经济发展的碳金融支持体系进行了较为全面的研究,构建了以碳金融市场为基础,碳金融服务为载体,碳金融政策为导向的市场、服务和政策“三位一体”的碳金融支持低碳经济发展的逻辑体系与框架。对从事经济研究的人员具有一定的参考价值。
606 0  @a低碳经济@Adi tan jing ji@x关系@x金融改革@x研究@y中国
690    @aF206@v5
690    @aF832.1@v5
701  0 @a杨红梅@Ayang hong mei@4著
801  0 @aCN@b百万庄@c20211009
905    @b1307648-651@dF206@e107@f4
    
    低碳经济与金融创新研究/杨红梅著.-北京:现代出版社,2018.12
    107页:图;21cm
    
    
    ISBN 978-7-5143-7571-8:CNY29.80
    本书将低碳经济与碳金融有机地结合起来,探讨了中国低碳经济发展的可行路径,并就中国在全球低碳经济发展的大背景下,如何科学地构建符合中国低碳经济发展的碳金融支持体系进行了较为全面的研究,构建了以碳金融市场为基础,碳金融服务为载体,碳金融政策为导向的市场、服务和政策“三位一体”的碳金融支持低碳经济发展的逻辑体系与框架。对从事经济研究的人员具有一定的参考价值。
●
相关链接 在E读中查询图书 在五车中查询图书 在当当中查询图书 在豆瓣中查询图书


正题名:低碳经济与金融创新研究     索取号:F206/107         预约/预借

序号 登录号 条形码 馆藏地/架位号 状态 备注
1 1307648   213076482   第一样本阅览室/ [索取号:F206/107] 在馆    
2 1307649   213076491   第一借阅区/ [索取号:F206/107] 在馆    
3 1307650   213076507   第一借阅区/ [索取号:F206/107] 在馆    
4 1307651   213076516   第一借阅区/ [索取号:F206/107] 在馆    
唐山师范学院图书馆 欢迎您!
大连网信软件有限公司© 版权所有